000 02013nam a22002537a 4500
999 _c63126
_d63126
003 Ge_BSU
005 20250609120317.0
008 250609s2018 ge ||||| |||| 00| 0 geo d
020 _a9789941476549
041 _ageo
080 _a51(075.3) მ-15
245 _aმათემატიკა : მე-3 კლასი :
_bმოსწავლის წიგნი. ნაწ. 2 /
_c გურამ გოგიშვილი, თეიმურაზ ვეფხვაძე, ია მებონია, ლამარა ქურჩიშვილი; რედაქტორი თეიმურაზ ვეფხვაძე; მხატვარი ნანა მიქაბერიძე; გარეკანის დიზაინერები: გურამ გოგიშვილი, ილია ხელაია.
264 _aთბილისი :
_bინტელექტი,
_c2018.
300 _a104 გვ. :
_bილ.
_c28 სმ.
500 _aგრიფი მიენიჭა საქ. განათლების, მეცნიერების, კულტურისა და სპორტის სამინისტროს მიერ 2018 წლის 24 ივლისს, ბრძანება N25.
653 _aმათემატიკა
700 _aგოგიშვილი, გურამ
_eავტორი, გარეკანის დიზაინერი
_925320
700 _aვეფხვაძე, თეიმურაზ
_eავტორი, რედაქტორი
_925321
700 _aმებონია, ია
_eავტორი
_925322
700 _aქურჩიშვილი, ლამარა
_eავტორი
_925323
700 _aმიქაბერიძე, ნანა
_e მხატვარი
_925287
700 _aხელაია, ილია
_eგარეკანის დიზაინერი
_925324
942 _2udc
_cᲬᲘᲒᲜᲘ